Logo BPK

Biblioteka

Politechniki Koszalińskiej

Irdische Mächte, göttliches Heil : (Rekord nr 56547)

Szczegóły MARC
000 -ETYKIETA REKORDU
podpole kontrolne o stałej długości 01199nam a2200289 i 4500
001 - NUMER KONTROLNY REKORDU
pole kontrolne bg
020 ## - MIĘDZYNARODOWY ZNORMALIZOWANY NUMER KSIĄŻKI - ISBN
ISBN 9783421042293
040 ## - ŹRÓDŁO KATALOGOWANIA
Instytucja, która utworzyła rekord BPK
041 0# - KOD JĘZYKA
Kod języka tekstu ger
Kod języka oryginału eng
044 ## - KOD KRAJU WYDAWCY/PRODUCENTA
Kod kraju wydawcy/producenta DEU
080 ## - UNIWERSALNA KLASYFIKACJA DZIESIĘTNA - UKD
UKD 27(4):32]"17/20"
920 ## - Międzynarodowy znormalizowany numer książki – ISBN
ISBN 978-3-421-04229-3
008 - POLE O STAŁEJ DŁUGOŚCI - DANE KONTROLNE
podpole kontrolne o stałej długości 090721s2008 de a |000 0 ger
100 1# - NAZWA OSOBOWA
Nazwa osobowa Burleigh, Michael
Daty związane z nazwą (1955- ).
245 10 - TYTUŁ/ODPOWIEDZIALNOŚĆ
Tytuł Irdische Mächte, göttliches Heil :
Ciąg dalszy tytułu Die Geschichte des Kampfes zwischen Politik und Religion von der Französischen Revolution bis in die Gegenwart /
Pozostałe elementy strefy tytułu i oznaczenia odpowiedzialności Michael Burleigh ; aus dem Englischen von Klaus Binder und Bernd Leinweber.
246 3# - WARIANT TYTUŁU
Treść wyrażenia wprowadzającego Tyt. oryg. :
Tytuł Earthly powers :
Ciąg dalszy tytułu the clas of religion and politics in Europe from the French Revolution to the Great War
260 ## - STREFA ADRESU WYDAWNICZEGO
Miejsce wydania München :
Nazwa wydawcy/dystrybutora Deutsche Verlags-Anstalt,
Data publikacji, dystrybucji/powstania dokumentu 2008.
300 ## - STREFA OPISU FIZYCZNEGO
Objętość 1280 s. ;
Rozmiary 24 cm.
500 ## - UWAGI OGÓLNE
Tekst uwagi Oryginalne wydanie w dwóch tomach.
504 ## - UWAGA DOTYCZĄCA BIBLIOGRAFII
Informacje o bibliografii Bibliogr. s. 1229-1263. Indeks.
650 #9 - HASŁO PRZEDMIOTOWE W FORMIE NAZWY OGÓLNEJ LUB JEDNOSTKOWEJ
Nazwa ogólna lub geograficzna Chrześcijaństwo
Określnik ogólny a polityka
Określnik geograficzny Europa
Określnik ogólny historia
650 #9 - HASŁO PRZEDMIOTOWE W FORMIE NAZWY OGÓLNEJ LUB JEDNOSTKOWEJ
Nazwa ogólna lub geograficzna Kościoły chrześcijańskie
Określnik chronologiczny 18-21 w.
700 1# - HASŁO DODATKOWE - NAZWA OSOBOWA
Nazwa osobowa Binder, Klaus.
Określenie związku między hasłem a opisywanym materiałem Tł.
700 1# - HASŁO DODATKOWE - NAZWA OSOBOWA
Nazwa osobowa Leineweber, Bernd.
Określenie związku między hasłem a opisywanym materiałem Tł.
856 ## - LOKALIZACJA I DOSTĘP DO ELEKTRONICZNYCH DOKUMENTÓW ZDALNYCH
Link (URL) http://koha.tu.koszalin.pl/cgi-bin/koha/opac-detail.pl?biblionumber=56547
Tekst linku Katalog online BPK
942 ## - DODATKOWE ELEMENTY (KOHA)
Typ dokumentu Książka
Egzemplarze
Wycofany Status egzemplarza Uszkodzony Dostępność Lokalizacja stała Lokalizacja bieżąca Miejsce przechowywania Sygnatura Kod kreskowy Typ dokumentu
      Dostępny Biblioteka Politechniki Koszalińskiej Biblioteka Politechniki Koszalińskiej Wypożyczalnia BG 91467 02487441 Książka
© 2023 Biblioteka Politechniki Koszalińskiej :: KOHA